Southville International School and Colleges
Your cart is empty.
  • Cart
  • Lists
    Public lists Eva Luna New books Lux_list list_1
    Your lists Log in to create your own lists
  • Log in to your account
  • Your cookies
  • Search history
Southville International School and Colleges
  • Advanced search
  • Recent comments
  • Most popular
  • Libraries

Log in to your account

Log in with GOOGLE


If you do not have an external account, but do have a local account, you can still log in:

  1. Home
  2. MARC view: Macroeconomics:
Normal view MARC view ISBD view

Macroeconomics: (Record no. 363794)

[ view plain ]
MARC details
000 -LEADER
fixed length control field 00538nam a2200157Ia 4500
008 - FIXED-LENGTH DATA ELEMENTS--GENERAL INFORMATION
fixed length control field 200626s9999 xx 000 0 und d
020 ## - INTERNATIONAL STANDARD BOOK NUMBER
International Standard Book Number 978-1-119-99571-5
100 ## - MAIN ENTRY--PERSONAL NAME
Personal name Miles, David
245 ## - TITLE STATEMENT
Statement of responsibility, etc David Miles, Andrew Scott, Francis Breedon.--
Title Macroeconomics:
Remainder of title Understanding the global economy /
250 ## - EDITION STATEMENT
Edition statement 3rd ed.
260 ## - PUBLICATION, DISTRIBUTION, ETC. (IMPRINT)
Place of publication, distribution, etc United Kingdom:
Name of publisher, distributor, etc John Wiley & Sons Ltd
Date of publication, distribution, etc 2012
300 ## - PHYSICAL DESCRIPTION
Extent xix, 597 pages
500 ## - GENERAL NOTE
General note Includes Index
650 ## - SUBJECT ADDED ENTRY--TOPICAL TERM
Topical term or geographic name as entry element BUSINESS & ECONOMICS -- Economics -- Macroeconomics.
650 ## - SUBJECT ADDED ENTRY--TOPICAL TERM
Topical term or geographic name as entry element Macroeconomics.
Holdings
Withdrawn status Lost status Damaged status Home library Current library Shelving location Date acquired Total Checkouts Full call number Barcode Date last seen Price effective from Koha item type
      Southville International School Affiliated with Foreign Universities Library Southville International School Affiliated with Foreign Universities Library Southville Foreign University Section 06/26/2020   HB 172.5 .M643 2012 SFU2652 06/26/2020 06/26/2020 Books

Macroeconomics:

APA

Miles D., . (2012). Macroeconomics. United Kingdom: John Wiley & Sons Ltd.

Chicago

Miles David, . 2012. Macroeconomics. United Kingdom: John Wiley & Sons Ltd.

Harvard

Miles D., . (2012). Macroeconomics. United Kingdom: John Wiley & Sons Ltd.

MLA

Miles David, . Macroeconomics. United Kingdom: John Wiley & Sons Ltd. 2012.

  • Place hold
  • Print
  • Cite
  • Add to your cart (remove)
  • Save record
    BIBTEX Dublin Core MARCXML MARC (non-Unicode/MARC-8) MARC (Unicode/UTF-8) MARC (Unicode/UTF-8, Standard) MODS (XML) RIS
  • More searches
    Search for this title in:
    Other Libraries (WorldCat) Other Databases (Google Scholar) Online Stores (Bookfinder.com) Open Library (openlibrary.org)

Exporting to Dublin Core...

SOUTHVILLE LIBRARY

Southville International School and Colleges Library

1281 Tropical Ave. Cor. Luxembourg St., BF Homes International, Las Pinas City

Tel. No. 8256374 / 252358 Loc. 117/146

Powered by Koha